Hospital Adminstration and Human Resource Management (Record no. 11623)

MARC details
000 -LEADER
fixed length control field 00477nam a22001817a 4500
003 - CONTROL NUMBER IDENTIFIER
control field OSt
008 - FIXED-LENGTH DATA ELEMENTS--GENERAL INFORMATION
fixed length control field 221230b ||||| |||| 00| 0 eng d
020 ## - INTERNATIONAL STANDARD BOOK NUMBER
International Standard Book Number 978812035367
082 ## - DEWEY DECIMAL CLASSIFICATION NUMBER
Classification number 362.11068 SHH
100 ## - MAIN ENTRY--PERSONAL NAME
Personal name SHARMA,DK
245 ## - TITLE STATEMENT
Title Hospital Adminstration and Human Resource Management
250 ## - EDITION STATEMENT
Edition statement Ed.7th
260 ## - PUBLICATION, DISTRIBUTION, ETC. (IMPRINT)
Place of publication, distribution, etc New Delhi
Name of publisher, distributor, etc PHI
Date of publication, distribution, etc 2022
300 ## - PHYSICAL DESCRIPTION
Extent 590
650 ## - SUBJECT ADDED ENTRY--TOPICAL TERM
Topical term or geographic name as entry element Hospital Adminstration and Human Resource Management
700 ## - ADDED ENTRY--PERSONAL NAME
Personal name GOYAL,RC
942 ## - ADDED ENTRY ELEMENTS (KOHA)
Source of classification or shelving scheme Dewey Decimal Classification
Koha item type Reference Books
Holdings
Withdrawn status Lost status Source of classification or shelving scheme Damaged status Not for loan Collection code Home library Current library Date acquired Source of acquisition Currency Cost, normal purchase price Inventory number Bill Number Total Checkouts Full call number Acc. no. / Barcode Date last seen Actual Cost, discounted price Bill Date Koha item type
    Dewey Decimal Classification     MBA PIET C-LIBRARY PIET C-LIBRARY 06/12/2022 Kirti Praskshan IN Rupees 1050.00 1 IN1577   362.11068 SHH 34258 30/12/2022 703.50 06/12/2022 Reference Books

Design & Developed by: PIET Central Library
R70 Miles Stone Pattikalyana Samalkha Panipat 132102
mail ID :- [email protected], Phone No:- 0180-2569700 Ex.216